000
00213 a2200097 4500
001
57586
100
_a
245
_a
Islam and criminality
260
_a
Lahore
_b
Minhaj ul Quran
_c
090
_c
35321
_d
35321
942
_a
NUST-CAE
_c
MONOGRAPH
_c
28138
999
_c
292659
_d
292659